000 01172cam a22003011 4500
001 e 52000035
003 DLC
005 20260227111234.0
008 790228s1952 dcu b f000 0 eng c
010 _ae 52000035
035 _a(OCoLC)4697707
040 _aU.S. Office of Education
_cInIU
_dInIU
_dDLC
042 _apremarc
043 _an-us---
050 0 0 _aL111
_b.A6 1952, no. 8
051 _aLC5251
_b.K45
082 _a379.11
100 1 _aKempfer, Homer.
245 1 0 _aFinancing adult education in selected schools and community colleges,
_cby Homer Kempfer and William R. Wood.
260 _a[Washington]
_bFederal Security Agency, Office of Education
_c[1952]
300 _aiv, 27 p.
_c23 cm.
410 1 0 _aUnited States.
_bOffice of Education.
_tBulletin, 1952,
_vno. 8
501 _aCopies 1 and 2 of L111.A6 with: Know your school law / Ward W. Keesecker. Washington : Govt. Print. Off., 1952. Bound together subsequent to publication.
_5DLC
650 0 _aAdult education.
650 0 _aEducation
_zUnited States
_xFinance.
650 0 _aMunicipal universities and colleges
_zUnited States.
700 1 _aWood, William Ransom,
_d1907-
_ejoint author.
999 _c22175
_d22175